Des écoulements particuliers aux femmes et plus spécialement de ceux qui sont causés par une maladie du col de la matrice / (Record no. 166679)
[ view plain ]
| 000 -LEADER | |
|---|---|
| campo de control de longitud fija | 00811nam a22001695i 4500 |
| 001 - NÚMERO DE CONTROL | |
| campo de control | 166679 |
| 003 - IDENTIFICADOR DE NÚMERO DE CONTROL | |
| campo de control | ES-MaACL |
| 005 - FECHA Y HORA DE LA ÚLTIMA TRANSACCIÓN | |
| campo de control | 20230906213358.0 |
| 008 - DATOS DE LONGITUD FIJA--INFORMACIÓN GENERAL | |
| campo de control de longitud fija | 050920s1842 fr | |||||||| ||fre d |
| 040 ## - FUENTE DE CATALOGACIÓN | |
| Centro catalogador/agencia de origen | CAM |
| Lengua de catalogación | spa |
| Centro/agencia transcriptor | CAM |
| 100 1# - ENTRADA PRINCIPAL--NOMBRE DE PERSONA | |
| Nombre de persona | Troussel, J.F.A. |
| 9 (RLIN) | 133394 |
| 245 10 - MENCIÓN DEL TÍTULO | |
| Título | Des écoulements particuliers aux femmes et plus spécialement de ceux qui sont causés par une maladie du col de la matrice / |
| Mención de responsabilidad, etc. | par J.F.A. Troussel. |
| 260 ## - PUBLICACIÓN, DISTRIBUCIÓN, ETC. | |
| Lugar de publicación, distribución, etc. | Paris : |
| Nombre del editor, distribuidor, etc. | Bechet Jne. et Labé, |
| Fecha de publicación, distribución, etc. | 1842 ( |
| Fabricante | Imprimerie et fonderie de Rignoux) |
| 300 ## - DESCRIPCIÓN FÍSICA | |
| Extensión | 121 p. ; |
| Dimensiones | 20 p. |
| 650 #4 - PUNTO DE ACCESO ADICIONAL DE MATERIA--TÉRMINO DE MATERIA | |
| Término de materia o nombre geográfico como elemento de entrada | Aparato genital femenino- |
| Subdivisión general | Enfermedades. |
| 9 (RLIN) | 9910 |
| 852 ## - LOCALIZACIÓN | |
| Ubicación | ES-MaACL |
| Número de control de estantería | R-1365(4) |
| Nota libre | -- Enc. hol., falto de la cub. original |
| -- | -- Enc. en un vol. facticio, formando parte de la col. facticia: "Colección de memorias médicas" |
| -- | .- Donat. Mateo Seoane |
| Estatus retirado | Estado de pérdida | Estado de daño | No para préstamo | Colección | Biblioteca de origen | Biblioteca actual | Ubicación en estantería | Fecha de adquisición | Total de préstamos | Signatura topográfica completa | Código de barras | Visto por última vez | Precio de reemplazo | Tipo de ítem Koha |
|---|---|---|---|---|---|---|---|---|---|---|---|---|---|---|
| Libros del s. XIX | Biblioteca del Ateneo de Madrid | Biblioteca del Ateneo de Madrid | Depósito | 17/01/2008 | R-1365(4) | 1174812 | 23/02/2023 | 23/02/2023 | Libro impreso antiguo |
